Short message service for military switched networks / (Record no. 182464)
[ view plain ]
| 000 -LEADER | |
|---|---|
| fixed length control field | 01105 a2200193 4500 |
| 003 - CONTROL NUMBER IDENTIFIER | |
| control field | NUST |
| 005 - DATE AND TIME OF LATEST TRANSACTION | |
| control field | 20251118183511.0 |
| 040 ## - CATALOGING SOURCE | |
| Transcribing agency | Nust |
| 082 ## - DEWEY DECIMAL CLASSIFICATION NUMBER | |
| Classification number | 621.382,MAL |
| 100 ## - MAIN ENTRY--PERSONAL NAME | |
| Personal name | Malik, Capt Masood Akhtar (TCC-13) |
| 9 (RLIN) | 131942 |
| 245 ## - TITLE STATEMENT | |
| Title | Short message service for military switched networks / |
| Statement of responsibility, etc. | Capt Masood Akhtar Malik, Capt Umer Dilawar, Capt Muhammad Rizwan Asim and Capt Ahmad Shuja Chaudary |
| 260 ## - PUBLICATION, DISTRIBUTION, ETC. | |
| Place of publication, distribution, etc. | Rawalpindi |
| Name of publisher, distributor, etc. | MCS (NUST) |
| Date of publication, distribution, etc. | 2005 |
| 300 ## - PHYSICAL DESCRIPTION | |
| Extent | 108 p.; |
| 505 ## - FORMATTED CONTENTS NOTE | |
| Formatted contents note | Fixed Line SMS (PAge-1), Overview (Page-13), Fixed Messaging Gateway General (Page-36), Fixed Messaging Gateway Technical Description (Page-49), Fixed Messaging Gateway PSTN Interface (Page-60), Fixed Messaging Gateway Store and Forward (SF) (Page-630, Fixed Messaging Gateway Site Preparation (Page-68), ETSI ES 201 V 1.1.1 (2001-02) Overview of the Protocol-1 (Page-73), STSI ES 201 912 V 1.1.1 (2001-02) Overview of the Protocol-2) (Page-88), Conclusion (Page-1050, References (Page-106). |
| 650 ## - SUBJECT ADDED ENTRY--TOPICAL TERM | |
| Topical term or geographic name entry element | UG Projects |
| 9 (RLIN) | 98716 |
| 651 ## - SUBJECT ADDED ENTRY--GEOGRAPHIC NAME | |
| Geographic name | TCC-13 |
| 9 (RLIN) | 126050 |
| 700 ## - ADDED ENTRY--PERSONAL NAME | |
| Personal name | Supervised by Maj Abdul Rauf |
| 9 (RLIN) | 131943 |
| 942 ## - ADDED ENTRY ELEMENTS (KOHA) | |
| Koha item type | Project Report |
| Source of classification or shelving scheme | |
| Withdrawn status | Lost status | Source of classification or shelving scheme | Damaged status | Not for loan | Permanent Location | Current Location | Shelving location | Date acquired | Full call number | Barcode | Date last seen | Price effective from | Koha item type | Public note |
|---|---|---|---|---|---|---|---|---|---|---|---|---|---|---|
| Military College of Signals (MCS) | Military College of Signals (MCS) | Reference | 12/12/2016 | 621.382,MAL | MCSPTC-95 | 12/08/2016 | 12/12/2016 | Project Report | Almirah No. 94, Shelf No. 2 |
